Periodismo e innovación : reflexiones académicas sobre la profesión en tiempos de IA /

Bibliographic Details
Other Authors: Vásquez-Rizo, Fredy Eduardo (Editor), Jiménez Correa, Catalina (Editor)
Format: Electronic eBook
Language:Spanish
Published: Cali, Valle del Cauca, Colombia : Universidad Autónoma de Occidente. Programa Editorial, [2023]
Subjects:
Online Access:Digitalia Hispánica

MARC

LEADER 00000nam a2200000 i 4500
001 DIGUAOCCTE0091
003 NyNyDIG
006 m o d
007 cr |||||||||||
008 240517s2023 ck a ob 000 0 spa d
035 |a (OCoLC)1435566832 
040 |a DGITA  |b eng  |e rda  |e pn  |c DGITA 
020 |a 9789586191449  |q formato pdf 
020 |a 9789586191432  |q formato ePub 
020 |z 9789586191425  |q formato impreso 
050 1 4 |a PN4784.T34 ebook 
245 0 0 |a Periodismo e innovación :  |b reflexiones académicas sobre la profesión en tiempos de IA /  |c Fredy Eduardo Vásquez Rizo, Catalina Jiménez Correa (editores académicos). 
264 1 |a Cali, Valle del Cauca, Colombia :  |b Universidad Autónoma de Occidente. Programa Editorial,  |c [2023] 
300 |a 1 online resource :  |b illustrations. 
336 |a text  |b txt  |2 rdacontent 
337 |a computer  |b c  |2 rdamedia 
338 |a online resource  |b cr  |2 rdacarrier 
347 |a text file  |2 rdaft 
347 |b PDF 
504 |a Includes bibliographical references. 
588 0 |a Online resource; title from PDF title page (Digitalia, viewed May 17, 2024) 
650 0 |a Journalism  |x Technological innovations. 
650 0 |a Journalism  |x Vocational guidance. 
700 1 |a Vásquez-Rizo, Fredy Eduardo,  |e editor. 
700 1 |a Jiménez Correa, Catalina,  |e editor. 
776 0 8 |i Print version:  |t Periodismo e innovación.  |d Cali, Valle del Cauca, Colombia : Universidad Autónoma de Occidente. Programa Editorial, [2023]  |z 9789586191425 
791 2 |a Digitalia (Firm),  |e distributor. 
793 0 |g Digitalia eBook Collection:  |a Universidad Autónoma de Occidente 
856 4 0 |3 Digitalia Hispánica  |u https://www.digitaliapublishing.com/a/135782/ 
910 |a Premium collection: 2024